000 00774nam a22002177a 4500
005 20241129111626.0
010 _aENG-142719
020 _c655.00
_a9789357056359
020 _c750.00
_a9789361597527
035 _aEN-126251
037 _bDBAD
082 _a500
_21
100 _aSharma, Om
_974324
245 _aJEE Advanced Mathematics:
_bTrigonometry/
_cBy Om Sharma
250 _a1
260 _aUttar Pradesh
_bPearson India Education Pvt Ltd
_c2025
270 _bUttar Pradesh
_a1st FLoor, Berger Tower, Plot No. C-001A/2, Sector-16B, Noida
_e201301
300 _avpp.
_c28cm(pb)
_bIndex
500 _aIncludes 2000+ Problems with Solutions | Includes JEE 2013-2024 Questions and Chapter Wise Video strategics
942 _2ddc
_cEN
_h500
_mSHA
_e1
999 _c207194
_d207194